| 000 | 00588 a2200205 4500 | ||
|---|---|---|---|
| 003 | Nust | ||
| 005 | 20170207154020.0 | ||
| 020 | _a0-7356-1587-X | ||
| 035 | _a(Mo)b1503617 | ||
| 040 | _cNust | ||
| 082 | 0 | 0 | _a005.26/8 |
| 100 | 1 | _aRobinson, Ed | |
| 245 | 1 | 0 |
_aUpgrading Microsoft Visual Basic 6.0 to Microsoft Visual Basic .NET-(EBOOK) _cEd Robinson, Michael Bond, Robert Ian Oliver |
| 260 |
_aRedmond, Wash. : _bMicrosoft Press, _ccop. 2002 |
||
| 300 |
_a547 s. : _bill. ; _c24 cm + _eCD-ROM |
||
| 651 | _aEBOOK | ||
| 655 | 4 | _aBok | |
| 700 | 1 | _aBond, Michael | |
| 700 | 1 | _aOliver, Robert Ian | |
| 942 |
_2ddc _cBK |
||
| 999 |
_c191661 _d191661 |
||